| 000 -ლიდერი |
| ფიქსირებული სიგრძის საკონტროლო ველი |
01554nam a22002057a 4500 |
| 003 - საკონტროლო ნომრის იდენტიფიკატორი |
| საკონტროლო ველი |
Ge_BSU |
| 005 - ბოლო ოპერაციის თარიღი და დრო |
| საკონტროლო ველი |
20190912165718.0 |
| 008 - ფიქსირებული სიგრძის მონაცემთა ელემენტები - ზოგადი ინფორმაცია |
| ფიქსირებული სიგრძის საკონტროლო ველი |
190912s1964 ge ||||| |||| 00| 0 geo d |
| 041 ## - ენის კოდი |
| Language code of text/sound track or separate title |
geo |
| 080 ## - უნივერსალური ათობითი კლასიფიკაციის ინდექსი |
| Universal Decimal Classification number |
398(479.22) უ–43 |
| 100 ## - მთავარი ჩანაწერი - პიროვნების სახელი |
| Personal name |
უმიკაშვილი, პ. |
| 9 (RLIN) |
3976 |
| 245 ## - ცნობა სათაურის შესახებ |
| Title |
ხალხური სიტყვიერება : |
| Remainder of title |
4 ტომად : ტ. 4 : თქმულებები და ლეგენდები, საყოფაცხოვრებო-ნოველისტური ზღაპრები, მახვილსიტყვაობა, მაგიური ტექსტები, შემკრების არქივიდან / |
| Statement of responsibility, etc |
შემდგ.: მიხეილ ჩიქოვანი და ვარლამ მაცაბერიძე ; საქ. სსრ მეცნ. აკად., შ. რუსთაველის სახ. ქართული ლიტერატურის ინ-ტი. |
| 264 ## - წარმოების, გამოცემის, დისტრიბუციის და სხვა ცნობები |
| გამოცემის, წარმოების, დისტრიბუციის... ადგილი |
თბილისი : |
| გამოცემის, წარმოების, დისტრიბუციის... სახელწოდება |
ლიტერატურა და ხელოვნება, |
| გამოცემის, წარმოების, დისტრიბუციის... თარიღი |
1964. |
| 300 ## - ფიზიკური აღწერა |
| Extent |
324 გვ. ; |
| Other physical details |
20 სმ. |
| 653 ## - INDEX TERM--UNCONTROLLED |
| Uncontrolled term |
ხალხური სიტყვიერება |
| 700 ## - ADDED ENTRY--PERSONAL NAME |
| Personal name |
ჩიქოვანი, მ. |
| Relator term |
რედაქტორი |
| 9 (RLIN) |
3977 |
| 700 ## - ADDED ENTRY--PERSONAL NAME |
| Personal name |
მაცაბერიძე, ვ. |
| Relator term |
შემდგენელი |
| 9 (RLIN) |
3978 |
| 710 ## - ADDED ENTRY--CORPORATE NAME |
| Corporate name or jurisdiction name as entry element |
საქ. სსრ მეცნ. აკად. |
| Subordinate unit |
ქართ. ლიტერატურის ინ-ტი |
| 9 (RLIN) |
3979 |
| 942 ## - ADDED ENTRY ELEMENTS (KOHA) |
| Source of classification or shelving scheme |
|
| Koha item type |
წიგნი |